Paesi con nomi molto simili - Statistics

Statistiche generali
  • Questo quiz è stato fatto 145 volte
  • Il punteggio medio è 9 su 21
Statistiche sulle risposte
Paese Transformazione Risposta % Corretto
Iran Cambia 1 Iraq
100%
Islanda Cambia 1 Irlanda
100%
Nigeria Togli 2 Niger
96%
Austria Aggiungi 2 Australia
93%
Gambia Cambia 1 Zambia
82%
Libia Aggiungi 2 Liberia
62%
Mali Aggiungi 2 Malawi
53%
Cina Cambia 2 Cile | Cuba
38%
Nigeria Cambia 2 Liberia | Algeria
36%
Ruanda Togli 1, Aggiungi 1 Uganda
36%
Cina Togli 1, Aggiungi 1 Ciad
28%
Gambia Cambia 1, Aggiungi 1 Namibia
26%
Oman Cambia 2 Iran
25%
Togo Aggiungi 1, Cambia 1 Tonga
25%
Canada Cambia 2 Panama
23%
Mali Aggiungi 1, Cambia 1 Malta
18%
Zambia Aggiungi 1, Cambia 1 Namibia
18%
Ghana Aggiungi 1, Cambia 1 Guyana
9%
Brunei Aggiungi 1, Cambia 1 Burundi
6%
Romania Cambia 2 Somalia
5%
Siria Aggiungi 1, Cambia 1 Serbia
3%
Nessun quiz corrispondente trovato
Distribuzione punteggi
Percentuale di utenti per punteggio
Percentile per numero di risposta
I tuoi punteggi nel tempo
Non hai fatto questo quiz